000 00975cam a22002651a 4500
001 7067
003 BD-RjUL
005 20211208234348.0
008 140113r19681963ne 001 0 eng
035 _a(BD-RjUL)7109
035 _a(OCoLC)21221759
040 _aDLC
_cMnAnA
_dOCoLC
_dDLC
_beng
041 1 _aeng
_hfre
082 0 4 _2 19
_a341.55
_bLAI 1968
100 1 _aLangrod, Georges,
_d1903-
_922140
245 1 4 _aThe international civil service :
_bits origins, its nature, its evolution /
_cby Georges Langrod ; preface by Paul Guggenheim.
260 _aLeyden :
_bA. W. Sijthoff ;
_aDobbs Ferry, N.Y. :
_bOceana Publications,
_cc1963[Printing1968].
300 _a358 p. ;
_c25 cm.
500 _aTranslation of La fonction publique internationale. Translated by F. G. Berthoud.
504 _aSelect bibliography: p. [329]-342 and index.
650 0 _aInternational officials and employees.
_916480
942 _2ddc
_cBK
999 _c7067
_d7067